000 01045nam0a22002411 4500
001 rc\3604041
005 20250610050442.0
035 _a(NLR Aleph) 007708879
090 _a6828381
_c6828382
100 _a20130115d1972 |||y0rusy50 ca
101 0 _arus
102 _aRU
105 _ay z |||||
200 1 _aПравила застройки г. Москвы и лесопаркового защитного пояса (ЛПЗП)
_fМосгорисполком. Гл. архит.-планировочное упр. г. Москвы. Науч.-исслед. и проектный ин-т ген. плана г. Москвы
210 _aМосква
_cБ. и.
_d1972
215 _a33 с.
_d20
333 _aДля служебного пользования. Экз. № 000005
532 1 2 _aПравила застройки города Москвы и лесопаркового защитного пояса (ЛПЗП)
801 0 _aRU
_bNLR
_gpsbo
801 1 _aRU
_bELAR
_2rusmarc
852 _aNLR
_j73-50к/30
942 _cBOOK
980 _aNB